000 00385nam a22001697a 4500
003 OSt
005 20220223085003.0
008 220223b |||||||| |||| 00| 0 eng d
020 _a033096847
040 _cHU
082 _a658.8
100 _aDICKSON.PETER A,
_931202
245 _aMARKETING MANAGEMET
260 _aAMERICA
_bLONDON
_c1994
300 _a642
942 _2ddc
_cBOOKS
_n0
999 _c31250
_d31250